Com preparar-se per a una entrevista de feina : guia d'orientació guia d'orientació
Publicado:
Barcelona :
Diputació de Barcelona. Àrea d'Educació. Gerència de Serveis d'Educació ,
2010
Descripción Física:
42 p. : taules ; 21 cm + 1 DVD
MARC
| LEADER | 00000nam a2200000Ia 4500 | ||
|---|---|---|---|
| 001 | 23010 | ||
| 008 | 160829s2010 xx 000 0 cat d | ||
| 080 | |a FU-59-13 | ||
| 245 | |a Com preparar-se per a una entrevista de feina : |b guia d'orientació | ||
| 260 | |a Barcelona : |b Diputació de Barcelona. Àrea d'Educació. Gerència de Serveis d'Educació, |c 2010 | ||
| 300 | |a 42 p. : |b taules ; |c 21 cm + 1 DVD | ||
| 590 | |a A la coberta: Entre joves | ||
| 650 | |a Entrevistes de selecció |x Guies |9 39876 | ||
| 650 | |a Joves |x Treball |x Guies |9 39877 | ||
| 710 | |a Barcelona (Catalunya : Província). |b Gerència de Serveis d'Educació |9 52167 | ||
| 901 | |a Arxiu | ||
| 942 | |n 1 | ||
| 952 | |0 0 |1 0 |4 0 |6 FU5913 |7 1 |9 49290 |a Arxiu |b Arxiu |d 2016-12-01 |l 0 |o FU-59-13 |p 23010 |r 2016-12-01 00:00:00 |w 2016-12-01 |y ARXIU | ||
| 999 | |c 53132 |d 53132 | ||